[Event "Caracas Banco del Alba 1st"]
[Site "Caracas"]
[Date "2014.04.30"]
[Round "9"]
[White "Mateo, Ramon"]
[Black "Iturrizaga Bonelli, Eduardo"]
[Result "1/2-1/2"]
[WhiteElo "2384"]
[BlackElo "2635"]
[PlyCount "59"]
[EventDate "2014.04.25"]
[EventType "tourn"]
[EventRounds "9"]
[EventCountry "VEN"]
[EventCategory "8"]
[SourceTitle "CBM 160 Extra"]
[Source "ChessBase"]
[SourceDate "2014.07.01"]
[SourceVersion "1"]
[SourceVersionDate "2014.07.01"]
[SourceQuality "1"]

1. d4 g6 2. Bf4 Bg7 3. Qd2 d6 4. Nf3 Nd7 5. e4 e5 6. Bg5 Ngf6 7. Nc3 h6 8. Bh4 0-0 9. dxe5 dxe5 10. Bc4 c6 11. Bb3 Qe7 12. Rd1 Nc5 13. Bxf6 Qxf6 14. Qe3 b6 15. 0-0 Bg4 16. Rd2 Rad8 17. Rfd1 Rxd2 18. Rxd2 Nxb3 19. axb3 Rd8 20. Rxd8+ Qxd8 21. h3 Be6 22. Qd2 Qxd2 23. Nxd2 Kf8 24. Kf1 Ke7 25. Ke2 h5 26. Kd3 f6 27. Nc4 Kd7 28. Ne3 Bh6 29. Ncd1 a5 30. Nc4 1/2-1/2

[Event "Caracas Banco del Alba 1st"]
[Site "Caracas"]
[Date "2014.04.27"]
[Round "4"]
[White "Mateo, Ramon"]
[Black "Ynojosa Aponte, Felix Jose"]
[Result "1/2-1/2"]
[WhiteElo "2384"]
[BlackElo "2455"]
[PlyCount "71"]
[EventDate "2014.04.25"]
[EventType "tourn"]
[EventRounds "9"]
[EventCountry "VEN"]
[EventCategory "8"]
[SourceTitle "CBM 160 Extra"]
[Source "ChessBase"]
[SourceDate "2014.07.01"]
[SourceVersion "1"]
[SourceVersionDate "2014.07.01"]
[SourceQuality "1"]

1. e4 c5 2. c3 Nf6 3. e5 Nd5 4. Nf3 Nc6 5. d4 cxd4 6. cxd4 d6 7. exd6 e6 8. Nc3 Bxd6 9. Bd3 Nf4 10. Bxf4 Bxf4 11. Qe2 a6 12. Rd1 Nb4 13. Be4 Qa5 14. 0-0 0-0 15. d5 f5 16. dxe6 Bxe6 17. Bxb7 Rae8 18. a3 Qc7 19. axb4 Qxb7 20. Rd4 Bd5 21. Qd3 Bxf3 22. Qxf3 Qxf3 23. gxf3 Be5 24. Rc4 Rc8 25. Rxc8 Rxc8 26. Re1 Bd4 27. Rd1 Rc4 28. b5 Bxc3 29. Rd8+ Kf7 30. bxa6 Bd4 31. a7 Bxa7 32. Rd7+ Kf6 33. Rxa7 Rb4 34. Ra6+ Kg5 35. Ra7 Kh6 36. Ra6+ 1/2-1/2

[Event "Rochefort op 13th"]
[Site "Rochefort"]
[Date "2014.02.22"]
[Round "8"]
[White "Brunello, Marina"]
[Black "Mateo, Ramon"]
[Result "1/2-1/2"]
[WhiteElo "2261"]
[BlackElo "2413"]
[PlyCount "36"]
[EventDate "2014.02.22"]
[EventType "swiss"]
[EventRounds "9"]
[EventCountry "FRA"]
[SourceTitle "CBM 159 Extra"]
[Source "ChessBase"]
[SourceDate "2014.04.24"]
[SourceVersion "1"]
[SourceVersionDate "2014.04.24"]
[SourceQuality "1"]

1. e4 c5 2. c3 Nc6 3. Nf3 d5 4. exd5 Qxd5 5. d4 cxd4 6. cxd4 e6 7. Nc3 Qd6 8. Bc4 Nf6 9. 0-0 Be7 10. d5 exd5 11. Nxd5 Nxd5 12. Qxd5 Qxd5 13. Bxd5 0-0 14. Bg5 Bxg5 15. Nxg5 h6 16. Ne4 Nb4 17. Bc4 Bf5 18. Nd6 Bd3 1/2-1/2

[Event "Cappelle op 29th"]
[Site "Cappelle la Grande"]
[Date "2013.03.02"]
[Round "9"]
[White "Mateo, Ramon"]
[Black "Baryshpolets, Andrey"]
[Result "0-1"]
[WhiteElo "2427"]
[BlackElo "2526"]
[PlyCount "80"]
[EventDate "2013.02.23"]
[EventType "swiss"]
[EventRounds "9"]
[EventCountry "FRA"]
[SourceTitle "CBM 153 Extra"]
[Source "ChessBase"]
[SourceDate "2013.04.22"]
[SourceVersion "1"]
[SourceVersionDate "2013.04.22"]
[SourceQuality "1"]

1. d4 d5 2. c4 c6 3. cxd5 cxd5 4. Nc3 Nf6 5. Bg5 e6 6. e3 Bd6 7. Bd3 0-0 8. f4 a6 9. Qf3 Nbd7 10. Nge2 b5 11. a3 Bb7 12. 0-0 Qb6 13. Qh3 b4 14. axb4 Bxb4 15. f5 e5 16. Qh4 Be7 17. Qh3 Rfe8 18. Kh1 exd4 19. exd4 Ne4 20. Bxe4 dxe4 21. Be3 Nf6 22. Nf4 Rad8 23. Na4 Qb3 24. Nc5 Bxc5 25. dxc5 Bc8 26. Rae1 Qxb2 27. g4 Nd5 28. Nh5 Nxe3 29. Rxe3 f6 30. g5 fxg5 31. Qg3 Rf8 32. f6 Qb5 33. Rg1 Qxc5 34. fxg7 Rf5 35. Rc3 Qd5 36. Qe3 Qf7 37. Qb6 Re8 38. Ng3 Rf6 39. Qa5 e3 40. Re1 Rf2 0-1

[Event "Cappelle op 29th"]
[Site "Cappelle la Grande"]
[Date "2013.02.24"]
[Round "2"]
[White "Hansen, Eric"]
[Black "Mateo, Ramon"]
[Result "1/2-1/2"]
[WhiteElo "2557"]
[BlackElo "2427"]
[PlyCount "42"]
[EventDate "2013.02.23"]
[EventType "swiss"]
[EventRounds "9"]
[EventCountry "FRA"]
[SourceTitle "CBM 153 Extra"]
[Source "ChessBase"]
[SourceDate "2013.04.22"]
[SourceVersion "1"]
[SourceVersionDate "2013.04.22"]
[SourceQuality "1"]

1. e4 c5 2. Nf3 d6 3. Bb5+ Bd7 4. Bxd7+ Nxd7 5. c4 Ngf6 6. Nc3 a6 7. 0-0 e6 8. Qe2 Be7 9. Rd1 Rc8 10. b3 0-0 11. Bb2 Ne5 12. d4 Nxf3+ 13. Qxf3 cxd4 14. Rxd4 Qa5 15. Rad1 b5 16. cxb5 axb5 17. b4 Qb6 18. Qe2 e5 19. Nd5 Nxd5 20. Rxd5 Rc7 21. a3 Rfc8 1/2-1/2

[Event "Bahia Feliz"]
[Site "Bahia Feliz"]
[Date "2011.05.19"]
[Round "7"]
[White "Mateo, Ramon"]
[Black "Mecking, Henrique"]
[Result "0-1"]
[WhiteElo "2422"]
[BlackElo "2577"]
[PlyCount "154"]
[EventDate "2011.05.12"]
[EventType "tourn"]
[EventRounds "9"]
[EventCountry "ESP"]
[EventCategory "12"]
[SourceTitle "CBM 143"]
[Source "ChessBase"]
[SourceDate "2011.07.15"]
[SourceVersion "1"]
[SourceVersionDate "2011.07.15"]
[SourceQuality "1"]

1. e4 c5 2. Nf3 d6 3. d4 cxd4 4. Qxd4 a6 5. c4 Nc6 6. Qd2 g6 7. Nc3 Bh6 8. Qc2 Bg7 9. h3 Nf6 10. Be2 0-0 11. Be3 Bd7 12. 0-0 Rc8 13. Rfd1 Qa5 14. a3 Ne5 15. Nxe5 Qxe5 16. Bd4 Qg5 17. Be3 Qa5 18. Qd2 Rfe8 19. f3 Be6 20. Nd5 Qxd2 21. Rxd2 Nxd5 22. exd5 Bd7 23. Rc1 b5 24. c5 dxc5 25. Rxc5 Bh6 26. Bxh6 Rxc5 27. Be3 Rc1+ 28. Kf2 Rec8 29. d6 R1c2 30. dxe7 Rxd2 31. Bxd2 f6 32. Bd3 Kf7 33. Bb4 Bf5 34. Be2 Rc2 35. Ke3 Rxb2 36. g4 Bd7 37. h4 a5 38. Bxa5 Kxe7 39. Bb4+ Ke6 40. h5 gxh5 41. gxh5 Be8 42. h6 Rb3+ 43. Kd4 Rb1 44. Bd3 Rd1 45. Ke3 Rh1 46. Bxh7 Rxh6 47. Bd3 Bc6 48. Bf8 Rh3 49. Be2 Rh1 50. Bb4 Rb1 51. Bd3 Rd1 52. Be2 Rd8 53. Bf1 Kd5 54. Bd3 Re8+ 55. Kf4 Kd4 56. Bf5 Kc4 57. Bg4 Kb3 58. Bh5 Re5 59. Bf7+ Bd5 60. Bg6 Bc6 61. Bf7+ Kb2 62. Bd6 Re1 63. Bc5 Rf1 64. Bh5 Bd7 65. Bg6 Bc6 66. Bh5 Kb3 67. Ke3 Re1+ 68. Kd4 Re5 69. Bf7+ Ka4 70. Bd6 Re2 71. f4 Rd2+ 72. Kc5 Be4 73. Bg8 Kxa3 74. Be7 b4 75. Kb5 Rd4 76. Bxf6 Bd3+ 77. Ka5 Rd6 0-1

[Event "Bahia Feliz"]
[Site "Bahia Feliz"]
[Date "2011.05.16"]
[Round "5"]
[White "Mateo, Ramon"]
[Black "Vega Gutierrez, Sabrina Neide"]
[Result "0-1"]
[WhiteElo "2422"]
[BlackElo "2306"]
[PlyCount "96"]
[EventDate "2011.05.12"]
[EventType "tourn"]
[EventRounds "9"]
[EventCountry "ESP"]
[EventCategory "12"]
[SourceTitle "CBM 143"]
[Source "ChessBase"]
[SourceDate "2011.07.15"]
[SourceVersion "1"]
[SourceVersionDate "2011.07.15"]
[SourceQuality "1"]

1. d4 d5 2. c4 e6 3. Nf3 c6 4. Qc2 Nf6 5. g3 dxc4 6. Qxc4 b5 7. Qc2 Bb7 8. Bg2 Nbd7 9. a4 a6 10. 0-0 c5 11. axb5 Be4 12. Qd1 axb5 13. Rxa8 Bxa8 14. Na3 Qb6 15. Qb3 Bc6 16. dxc5 Bxc5 17. Ne1 Bxg2 18. Kxg2 b4 19. Nac2 0-0 20. Nd3 Rb8 21. Bf4 Bd6 22. Bxd6 Qxd6 23. Ne3 Nc5 24. Nxc5 Qxc5 25. Rd1 g6 26. Rd2 h5 27. Rc2 Qd6 28. Qc4 Rd8 29. b3 Qd4 30. Qc7 Ng4 31. Nxg4 hxg4 32. Qb7 Rd5 33. Rc8+ Kg7 34. Rc4 Qd2 35. Rf4 Rf5 36. Qxb4 Qxe2 37. Rxf5 gxf5 38. Qd4+ e5 39. Qe3 Qb5 40. Kg1 Qd5 41. Qe1 f4 42. gxf4 exf4 43. Qc3+ Kg6 44. Qc2+ Kg7 45. b4 Qd4 46. Qe2 f3 47. Qe1 Qb2 48. h3 g3 0-1

[Event "Bahia Feliz"]
[Site "Bahia Feliz"]
[Date "2011.05.15"]
[Round "4"]
[White "Granda Zuniga, Julio E"]
[Black "Mateo, Ramon"]
[Result "0-1"]
[WhiteElo "2614"]
[BlackElo "2422"]
[PlyCount "82"]
[EventDate "2011.05.12"]
[EventType "tourn"]
[EventRounds "9"]
[EventCountry "ESP"]
[EventCategory "12"]
[SourceTitle "CBM 143"]
[Source "ChessBase"]
[SourceDate "2011.07.15"]
[SourceVersion "1"]
[SourceVersionDate "2011.07.15"]
[SourceQuality "1"]

1. Nf3 c5 2. c4 Nc6 3. g3 Nf6 4. Bg2 d5 5. cxd5 Nxd5 6. Nc3 Nc7 7. d3 e5 8. 0-0 Be7 9. Nd2 Bd7 10. Nc4 f6 11. f4 b5 12. Ne3 exf4 13. gxf4 0-0 14. Ned5 Rb8 15. Be3 Nxd5 16. Bxd5+ Kh8 17. Bf2 Nd4 18. e3 Bh3 19. Re1 b4 20. exd4 bxc3 21. Qf3 cxb2 22. Rab1 Bf5 23. dxc5 Rb5 24. Bc4 Rxc5 25. Rxb2 Rc7 26. Rb7 Bg4 27. Qg2 Bc8 28. Rxa7 Rxa7 29. Bxa7 Bd6 30. Qc6 Bg4 31. Bb6 Qb8 32. Bc5 Bxc5+ 33. Qxc5 Rc8 34. Qe3 h6 35. Kg2 Bh5 36. Kg3 Qb4 37. f5 Qb8+ 38. Qf4 Qb2 39. Kh4 Be8 40. Re7 Qb4 41. Qc7 Rxc7 0-1

[Event "San Sebastian op 34th"]
[Site "San Sebastian"]
[Date "2011.04.18"]
[Round "3"]
[White "Mateo, Ramon"]
[Black "Kortschnoj, Viktor Lvovich"]
[Result "1/2-1/2"]
[WhiteElo "2446"]
[BlackElo "2557"]
[PlyCount "196"]
[EventDate "2011.04.16"]
[EventType "swiss"]
[EventRounds "9"]
[EventCountry "ESP"]
[SourceTitle "CBM 141 Extra"]
[Source "ChessBase"]
[SourceDate "2011.05.03"]
[SourceVersion "1"]
[SourceVersionDate "2011.05.03"]
[SourceQuality "1"]

1. e4 e5 2. Nf3 Nc6 3. Bb5 a6 4. Ba4 Nf6 5. d3 d6 6. c3 Be7 7. 0-0 0-0 8. Re1 Nd7 9. d4 Bf6 10. h3 b5 11. Bc2 Nb6 12. Be3 Nc4 13. Bc1 Rb8 14. Nbd2 Nxd2 15. Qxd2 b4 16. d5 bxc3 17. Qxc3 Nd4 18. Nxd4 exd4 19. Qd3 Re8 20. b3 g6 21. Bb2 c5 22. dxc6 Qb6 23. Rad1 Qxc6 24. Bb1 d5 25. Qg3 Be6 26. e5 Bg7 27. Bxd4 a5 28. h4 a4 29. h5 axb3 30. axb3 Rb4 31. f4 Reb8 32. f5 Rxb3 33. Qf4 Bxf5 34. Bxf5 gxf5 35. e6 fxe6 36. Qg5 R3b7 37. h6 e5 38. Bxe5 Qxh6 39. Qxh6 Bxh6 40. Bxb8 Rxb8 41. Rxd5 f4 42. Re6 Bg7 43. Kf2 Rb7 44. Kf3 Rf7 45. Rd8+ Bf8 46. Re4 Kg7 47. Rxf4 Ba3 48. Rxf7+ Kxf7 49. Kg4 Kg6 50. Rg8+ Kf7 51. Ra8 Bb2 52. Kf5 Kg7 53. Ra7+ Kg8 54. Rb7 Bc3 55. Ke6 Bd4 56. Rb4 Bc3 57. Rb3 Be1 58. Re3 Bf2 59. Re4 Kg7 60. Rg4+ Kh6 61. Kf7 Kh5 62. Rg7 h6 63. Ke6 Kh4 64. Kf5 h5 65. Ke4 Bg3 66. Kf3 Bb8 67. Rg8 Bc7 68. Rc8 Bd6 69. Rc6 Bb8 70. Rc5 Bd6 71. Rc4+ Kg5 72. g3 Ba3 73. Ra4 Bb2 74. Kg2 Bc3 75. Rc4 Bb2 76. Kf3 Ba3 77. Ra4 Bb2 78. Ra5+ Kg6 79. Kf4 Bc1+ 80. Ke4 Bb2 81. Rc5 Bg7 82. Rc8 Kg5 83. Rg8 Kf6 84. Kf4 Bh6+ 85. Kf3 Bc1 86. Kg2 Kf5 87. Rh8 Kg4 88. Rc8 Bb2 89. Rc4+ Kf5 90. Kf3 Bg7 91. Rc5+ Kg6 92. Kf4 Bh6+ 93. Ke5 Bd2 94. Rc6+ Kg5 95. Rc8 Kg4 96. Rg8+ Kf3 97. Kf5 Be1 98. Rh8 Kxg3 1/2-1/2

[Event "San Sebastian op 34th"]
[Site "San Sebastian"]
[Date "2011.04.17"]
[Round "2"]
[White "Torres Ganuza, Francisco Javier"]
[Black "Mateo, Ramon"]
[Result "0-1"]
[WhiteElo "2120"]
[BlackElo "2446"]
[PlyCount "64"]
[EventDate "2011.04.16"]
[EventType "swiss"]
[EventRounds "9"]
[EventCountry "ESP"]
[SourceTitle "CBM 141 Extra"]
[Source "ChessBase"]
[SourceDate "2011.05.03"]
[SourceVersion "1"]
[SourceVersionDate "2011.05.03"]
[SourceQuality "1"]

1. d4 Nf6 2. Nf3 b5 3. Bg5 Bb7 4. e3 a6 5. c3 e6 6. Bd3 c5 7. 0-0 cxd4 8. exd4 Be7 9. Nbd2 Nc6 10. Qe2 0-0 11. Ne5 Nd5 12. Bxe7 Qxe7 13. f4 d6 14. Nxc6 Bxc6 15. Ne4 f5 16. Ng3 Rfe8 17. Rae1 Qb7 18. Qd2 Nf6 19. Re2 Bd5 20. a3 Rac8 21. Ree1 Qc6 22. Qe2 g6 23. Rc1 Qb6 24. Kh1 h5 25. Rfe1 h4 26. Nf1 h3 27. Ne3 hxg2+ 28. Nxg2 e5 29. Qf2 exd4 30. Qxd4 Qxd4 31. cxd4 Rxc1 32. Rxc1 Nh5 0-1

[Event "Caribbean zt 2.3"]
[Site "Santiago de los Caballeros"]
[Date "2011.03.27"]
[Round "13"]
[White "Mateo, Ramon"]
[Black "Del Castilho, Martyn Simon"]
[Result "1-0"]
[WhiteElo "2446"]
[BlackElo "2205"]
[PlyCount "61"]
[EventDate "2011.03.18"]
[EventType "tourn"]
[EventRounds "13"]
[EventCountry "DOM"]
[EventCategory "7"]
[SourceTitle "CBM 141 Extra"]
[Source "ChessBase"]
[SourceDate "2011.05.03"]
[SourceVersion "1"]
[SourceVersionDate "2011.05.03"]
[SourceQuality "1"]

1. d4 Nf6 2. Nf3 g6 3. Bg5 Bg7 4. Nbd2 d5 5. e3 0-0 6. Be2 Nbd7 7. 0-0 Re8 8. c4 c6 9. cxd5 cxd5 10. Rc1 e5 11. dxe5 Nxe5 12. Nxe5 Rxe5 13. Nf3 Re8 14. Bb5 Re7 15. Qd4 Qb6 16. Qc5 Qxc5 17. Rxc5 h6 18. Rfc1 Be6 19. Bf4 Ne4 20. R5c2 a6 21. Ba4 g5 22. Bc7 Rc8 23. Bb6 Rc4 24. Rxc4 dxc4 25. Bd8 Bf6 26. Nd4 b5 27. Bxe7 Bxe7 28. Bc2 Bd5 29. Rd1 Bb7 30. Nf5 Bf8 31. Rd8 1-0

[Event "Caribbean zt 2.3"]
[Site "Santiago de los Caballeros"]
[Date "2011.03.23"]
[Round "8"]
[White "Mateo, Ramon"]
[Black "Cabralis, Quinn"]
[Result "1-0"]
[WhiteElo "2446"]
[BlackElo "2203"]
[PlyCount "137"]
[EventDate "2011.03.18"]
[EventType "tourn"]
[EventRounds "13"]
[EventCountry "DOM"]
[EventCategory "7"]
[SourceTitle "CBM 141 Extra"]
[Source "ChessBase"]
[SourceDate "2011.05.03"]
[SourceVersion "1"]
[SourceVersionDate "2011.05.03"]
[SourceQuality "1"]

1. c4 c6 2. e4 d5 3. exd5 cxd5 4. d4 g6 5. Nc3 Nf6 6. Bg5 Ne4 7. Nxe4 dxe4 8. Qd2 Bf5 9. h3 h5 10. Ne2 Bg7 11. Rd1 Nc6 12. d5 Ne5 13. Nd4 Rc8 14. b3 Qb6 15. Nb5 a6 16. Be3 Qd8 17. Nd4 b5 18. Qb4 bxc4 19. Bxc4 Nxc4 20. bxc4 Bxd4 21. Bxd4 f6 22. c5 Kf7 23. Be3 Rb8 24. Qc3 Qc7 25. 0-0 Rhd8 26. Qc4 Qb7 27. Rd2 Qb5 28. Qc2 e6 29. dxe6+ Bxe6 30. Rxd8 Rxd8 31. Qxe4 Bxa2 32. Qf4 Qc6 33. Ra1 Be6 34. Rb1 g5 35. Qb4 Bf5 36. Qc4+ Be6 37. Qe2 Kg6 38. Rb6 Qe4 39. f3 Qe5 40. Rb1 Bf5 41. Re1 Bd3 42. Qf2 Bb5 43. h4 Qf5 44. hxg5 fxg5 45. Bd4 Qd5 46. Qc2+ Kh6 47. Rd1 Qg8 48. Qf5 Rf8 49. Bf6 Qg6 50. Bxg5+ Kg7 51. Qe5+ Kg8 52. Be7 Re8 53. Rd6 Qg7 54. Qxh5 Qa1+ 55. Kh2 Rxe7 56. Rd8+ Be8 57. Rxe8+ Rxe8 58. Qxe8+ Kg7 59. c6 Qf6 60. Qe4 Qh6+ 61. Kg3 Qd6+ 62. f4 Kf7 63. Qc4+ Ke7 64. c7 Qg6+ 65. Kf3 Qh5+ 66. Ke3 Qh4 67. Qc5+ Kf7 68. Qd5+ Kg7 69. Qg5+ 1-0

[Event "Caribbean zt 2.3"]
[Site "Santiago de los Caballeros"]
[Date "2011.03.22"]
[Round "7"]
[White "Mazara Ruiz, Adan Manuel"]
[Black "Mateo, Ramon"]
[Result "1/2-1/2"]
[WhiteElo "2298"]
[BlackElo "2446"]
[PlyCount "29"]
[EventDate "2011.03.18"]
[EventType "tourn"]
[EventRounds "13"]
[EventCountry "DOM"]
[EventCategory "7"]
[SourceTitle "CBM 141 Extra"]
[Source "ChessBase"]
[SourceDate "2011.05.03"]
[SourceVersion "1"]
[SourceVersionDate "2011.05.03"]
[SourceQuality "1"]

1. d4 d5 2. c4 c6 3. cxd5 cxd5 4. Nc3 Nf6 5. Nf3 Nc6 6. Bf4 a6 7. e3 Bf5 8. Rc1 e6 9. Bd3 Bxd3 10. Qxd3 Bb4 11. 0-0 Bxc3 12. Rxc3 Ne4 13. Rcc1 0-0 14. Ne5 Nxe5 15. Bxe5 1/2-1/2

[Event "Caribbean zt 2.3"]
[Site "Santiago de los Caballeros"]
[Date "2011.03.21"]
[Round "5"]
[White "Leon Hoyos, Manuel"]
[Black "Mateo, Ramon"]
[Result "1-0"]
[WhiteElo "2546"]
[BlackElo "2446"]
[PlyCount "101"]
[EventDate "2011.03.18"]
[EventType "tourn"]
[EventRounds "13"]
[EventCountry "DOM"]
[EventCategory "7"]
[SourceTitle "CBM 141 Extra"]
[Source "ChessBase"]
[SourceDate "2011.05.03"]
[SourceVersion "1"]
[SourceVersionDate "2011.05.03"]
[SourceQuality "1"]

1. d4 e6 2. e4 d5 3. Nd2 Be7 4. Bd3 c5 5. dxc5 Bxc5 6. Ngf3 Nc6 7. exd5 exd5 8. 0-0 Nf6 9. Nb3 Be7 10. Nfd4 0-0 11. Nf5 Bxf5 12. Bxf5 Bd6 13. c3 g6 14. Bc2 Ne4 15. g3 Bc7 16. f3 Bb6+ 17. Kg2 Nc5 18. f4 Re8 19. f5 Qe7 20. Bh6 Qe2+ 21. Kh3 Qxd1 22. Raxd1 Re2 23. Nxc5 Rxc2 24. Nd7 Ne7 25. fxg6 hxg6 26. Nf6+ Kh8 27. Nxd5 Nf5 28. Bf4 Re8 29. g4 Ng7 30. Bg3 f5 31. Nxb6 axb6 32. Rd6 Kh7 33. Rxb6 Re3 34. Rxb7 Kh6 35. Re1 Rxe1 36. Bxe1 Ne6 37. gxf5 gxf5 38. Kg3 Kg6 39. h4 Nc5 40. Rb6+ Kf7 41. Rb5 Nd3 42. Rxf5+ Kg6 43. Rf1 Rxb2 44. Bf2 Rxa2 45. Bd4 Rc2 46. Rf6+ Kh7 47. Rf3 Rd2 48. Kg4 Rd1 49. Kg5 Rd2 50. Kh5 Nc1 51. Rf8 1-0

[Event "Caribbean zt 2.3"]
[Site "Santiago de los Caballeros"]
[Date "2011.03.19"]
[Round "2"]
[White "Mateo, Ramon"]
[Black "Arenas Vanegas, David"]
[Result "1/2-1/2"]
[WhiteElo "2446"]
[BlackElo "2420"]
[PlyCount "72"]
[EventDate "2011.03.18"]
[EventType "tourn"]
[EventRounds "13"]
[EventCountry "DOM"]
[EventCategory "7"]
[SourceTitle "CBM 141 Extra"]
[Source "ChessBase"]
[SourceDate "2011.05.03"]
[SourceVersion "1"]
[SourceVersionDate "2011.05.03"]
[SourceQuality "1"]

1. d4 Nf6 2. Nf3 g6 3. g3 Bg7 4. Bg2 0-0 5. 0-0 d6 6. Re1 Nc6 7. d5 Na5 8. Nc3 c5 9. dxc6 Nxc6 10. e4 Bg4 11. h3 Bxf3 12. Bxf3 Ne5 13. Bg2 Rc8 14. Nd5 Nxd5 15. exd5 Re8 16. c3 b5 17. Bf4 Qb6 18. Be3 Qb7 19. Bd4 Nd7 20. Bxg7 Kxg7 21. a4 b4 22. Qd4+ Ne5 23. Qxb4 Qxb4 24. cxb4 Nd3 25. Re4 Rc2 26. Bf1 Ne5 27. Re2 Nf3+ 28. Kg2 Nd4 29. Re4 Rd2 30. Rc1 f5 31. Re3 Rxb2 32. Rc4 f4 33. gxf4 Nf5 34. Rec3 Nh4+ 35. Kg3 Nf5+ 36. Kg2 Nh4+ 1/2-1/2

[Event "Balaguer op 15th"]
[Site "Balaguer"]
[Date "2010.07.21"]
[Round "3"]
[White "Quesada Perez, Yuniesky"]
[Black "Mateo, Ramon"]
[Result "0-1"]
[WhiteElo "2603"]
[BlackElo "2459"]
[PlyCount "67"]
[EventDate "2010.07.19"]
[EventType "swiss"]
[EventRounds "9"]
[EventCountry "ESP"]
[SourceTitle "CBM 137 Extra"]
[Source "ChessBase"]
[SourceDate "2010.09.01"]
[SourceVersion "1"]
[SourceVersionDate "2010.09.01"]
[SourceQuality "1"]

1. e4 c5 2. Nf3 d6 3. d4 cxd4 4. Nxd4 e5 5. Bb5+ Bd7 6. Bxd7+ Qxd7 7. Nb3 Nf6 8. Nc3 Qc6 9. f3 h6 10. Be3 Nbd7 11. Qd3 Be7 12. 0-0-0 a6 13. Na5 Qc7 14. Nc4 0-0 15. Nxd6 Rfd8 16. Nf5 Bf8 17. Qe2 b5 18. Nd5 Nxd5 19. Rxd5 Rdc8 20. Rhd1 Nf6 21. R5d3 b4 22. Nd6 Rcb8 23. Kb1 a5 24. b3 a4 25. Nc4 Ra6 26. g4 Rba8 27. R1d2 Rc6 28. Qd1 Kh7 29. h4 axb3 30. cxb3 Rxc4 31. bxc4 Qxc4 32. g5 hxg5 33. hxg5 Nh5 34. Qb3 0-1

[Event "Ses Salines"]
[Site "Ses Salines"]
[Date "2010.06.30"]
[Round "5"]
[White "Moskalenko, Viktor"]
[Black "Mateo, Ramon"]
[Result "0-1"]
[WhiteElo "2532"]
[BlackElo "2453"]
[PlyCount "59"]
[EventDate "2010.06.29"]
[EventType "tourn"]
[EventRounds "6"]
[EventCountry "ESP"]
[EventCategory "7"]
[SourceTitle "CBM 137 Extra"]
[Source "ChessBase"]
[SourceDate "2010.09.01"]
[SourceVersion "1"]
[SourceVersionDate "2010.09.01"]
[SourceQuality "1"]

1. d4 Nf6 2. c4 d6 3. Nc3 c6 4. e4 Nbd7 5. g3 e5 6. Nge2 Be7 7. Bg2 0-0 8. 0-0 a6 9. a4 a5 10. h3 Re8 11. Be3 exd4 12. Bxd4 Nf8 13. Qc2 Ne6 14. Be3 Nd7 15. Rad1 Qc7 16. f4 Nec5 17. Nd4 Nf8 18. Bf2 Na6 19. Rd2 Nb4 20. Qd1 Bd7 21. Qf3 Rad8 22. Rfd1 Bf6 23. g4 Ng6 24. g5 Bxd4 25. Rxd4 Be6 26. b3 Na6 27. Ne2 Nc5 28. h4 Bc8 29. h5 Nf8 30. f5 0-1

[Event "Santo Domingo op"]
[Site "Santo Domingo"]
[Date "2010.06.02"]
[Round "1"]
[White "Rodriguez, Manuel"]
[Black "Mateo, Ramon"]
[Result "0-1"]
[WhiteElo "2115"]
[BlackElo "2455"]
[PlyCount "120"]
[EventDate "2010.06.02"]
[EventType "swiss"]
[EventRounds "9"]
[EventCountry "DOM"]
[SourceTitle "EXT 2011"]
[Source "ChessBase"]
[SourceDate "2010.11.26"]
[SourceVersion "1"]
[SourceVersionDate "2010.11.26"]
[SourceQuality "1"]

1. e4 c5 2. c3 e6 3. Na3 Nc6 4. Bb5 Qc7 5. Nf3 Nf6 6. Qa4 Ne5 7. d4 Nxf3+ 8. gxf3 a6 9. Be3 Rb8 10. Bd3 b5 11. Qc2 Bb7 12. Qd2 Rc8 13. Bf4 d6 14. Rg1 Nh5 15. Be3 g6 16. dxc5 dxc5 17. 0-0-0 Bg7 18. Bxb5+ axb5 19. Nxb5 Qc6 20. Nd6+ Ke7 21. Bg5+ f6 22. Nxc8+ Rxc8 23. Bh6 Bh8 24. Rge1 Qc7 25. f4 e5 26. fxe5 fxe5 27. Be3 Nf6 28. Bg5 Rd8 29. Qe2 Bc8 30. Rxd8 Qxd8 31. Qc4 Be6 32. Qxc5+ Qd6 33. Qa7+ Qd7 34. Qb8 Bg7 35. Qxe5 h6 36. Rd1 Qc6 37. Be3 Qxe4 38. Bc5+ Kf7 39. Qc7+ Kg8 40. Qd8+ Kh7 41. Qd3 Qa4 42. a3 Bf5 43. Qe2 Qb3 44. Bd4 h5 45. Rd3 Qa2 46. Qf3 Qa1+ 47. Kc2 Qf1 48. h4 Be4 49. Qd1 Qxd1+ 50. Kxd1 Bxd3 51. Kd2 Bf1 52. b4 Kg8 53. b5 Kf7 54. c4 Bxc4 55. Kc3 Bf1 56. Kb4 Nd5+ 57. Kc5 Bxd4+ 58. Kxd4 Ke6 59. Kc5 Nc3 60. Kb6 Na4+ 0-1

[Event "DOM-ch"]
[Site "Santo Domingo"]
[Date "2010.04.16"]
[Round "5"]
[White "Munoz Santana, Jose Lisandro"]
[Black "Mateo, Ramon"]
[Result "0-1"]
[WhiteElo "2358"]
[BlackElo "2479"]
[PlyCount "104"]
[EventDate "2010.04.09"]
[EventType "swiss"]
[EventRounds "11"]
[EventCountry "DOM"]
[SourceTitle "EXT 2012"]
[Source "ChessBase"]
[SourceDate "2011.11.24"]
[SourceVersion "1"]
[SourceVersionDate "2011.11.24"]
[SourceQuality "1"]

1. e4 c5 2. Nf3 d6 3. Bb5+ Bd7 4. Bxd7+ Nxd7 5. 0-0 Ngf6 6. Qe2 Rc8 7. b3 g6 8. Bb2 Bg7 9. c4 0-0 10. d4 cxd4 11. Bxd4 a6 12. Rd1 b5 13. cxb5 axb5 14. Na3 b4 15. Nc4 Qc7 16. e5 dxe5 17. Nfxe5 Nxe5 18. Bxe5 Qb7 19. Rd4 Ra8 20. Nb2 Ra5 21. Nc4 Ra6 22. Rad1 Qa8 23. R1d2 Bh6 24. Ne3 Bxe3 25. Qxe3 Rxa2 26. h3 Rxd2 27. Qxd2 Qa5 28. f4 Nh5 29. Qxb4 Qxb4 30. Rxb4 f6 31. Bc7 Rc8 32. Rb7 Ra8 33. b4 Ra2 34. b5 Ng3 35. b6 Ra1+ 36. Kf2 Ne4+ 37. Ke3 Nc5 38. Ra7 Rb1 39. Kd4 Nd7 40. b7 Rb2 41. g4 Kf7 42. Kd5 f5 43. gxf5 gxf5 44. Kc6 Ke6 45. Ra6 Rc2+ 46. Kb5+ Kd5 47. Ra8 Rxc7 48. b8Q Nxb8 49. Rxb8 Rc3 50. Rf8 Ke6 51. Rd8 Rxh3 52. Rd4 Re3 0-1

[Event "Balaguer op 14th"]
[Site "Balaguer"]
[Date "2009.07.18"]
[Round "6"]
[White "Mateo, Ramon"]
[Black "Udeshi, Aditya"]
[Result "0-1"]
[WhiteElo "2473"]
[BlackElo "2287"]
[PlyCount "86"]
[EventDate "2009.07.13"]
[EventType "swiss"]
[EventRounds "10"]
[EventCountry "ESP"]
[SourceTitle "CBM 131 Extra"]
[Source "ChessBase"]
[SourceDate "2009.09.03"]
[SourceVersion "2"]
[SourceVersionDate "2009.09.16"]
[SourceQuality "1"]

1. e4 c5 2. Nf3 d6 3. d4 cxd4 4. Nxd4 Nf6 5. Nc3 a6 6. g3 e5 7. Nde2 Nbd7 8. Bg2 Be7 9. 0-0 0-0 10. h3 b5 11. g4 Nc5 12. Ng3 b4 13. Nb1 Bb7 14. Qe2 a5 15. Rd1 Qc7 16. g5 Nfd7 17. Nf5 Rfe8 18. h4 Ne6 19. Be3 Bf8 20. Qg4 g6 21. Ng3 Bg7 22. Nd2 Ndc5 23. Nb3 a4 24. Nxc5 dxc5 25. c3 a3 26. Qe2 axb2 27. Qxb2 bxc3 28. Qxc3 c4 29. Rdc1 Rec8 30. Bh3 Nd4 31. Bg4 Qe7 32. Rab1 Rc7 33. Rb4 Bc8 34. Bd1 Be6 35. Rcb1 Rac8 36. Rb8 Qd7 37. f3 Rxb8 38. Rxb8+ Rc8 39. Rxc8+ Qxc8 40. a4 Bf8 41. Kf2 Qb8 42. Ne2 Bb4 43. Qb2 Be1+ 0-1